| 000 | 01369nam2a22002891 4500 | ||
|---|---|---|---|
| 001 | v19\rc\1567929 | ||
| 005 | 20250618204046.0 | ||
| 035 | _a(NLR Aleph) 004697944 | ||
| 090 |
_a4026585 _c4026585 |
||
| 100 | _a20061002d1892 |||y0rusy50 ca | ||
| 101 | 0 | _arus | |
| 102 | _aRU | ||
| 105 | _ay z ||||| | ||
| 200 | 0 |
_a... за 1891 г. _f[Соч.] Врача А. Яковлева |
|
| 210 |
_d1892 _aБ. м. |
||
| 215 | _a24 с. | ||
| 300 | _aВ конце текста: зав. отд-ния для умалишенных А. Яковлев | ||
| 461 | 0 |
_1001v19\rc\1567928 _12001#$aОтчет по отделениям для душевнобольных Вологодской губернской больницы ...$v... за 1891 г. _94026576 _aВологодская губ. земская больница _cВологда _d1892 _tОтчет по отделениям для душевнобольных Вологодской губернской больницы ... _v... за 1891 г. |
|
| 701 | 1 |
_7ca _8rus _aЯковлев _bА. А. _cврач-психиатр _f1859- _gАлексей Александрович _9231602 _3RU\NLR\AUTH\770231658 |
|
| 801 | 0 |
_aRU _bNLR _gpsbo |
|
| 801 | 0 |
_aRU _bRuMoRGB _2psbo |
|
| 801 | 1 |
_aRU _bProSoft-M _2rusmarc |
|
| 852 |
_aNLR _bЗем _j7/О11 |
||
| 899 |
_aRuMoRGB _jR 457/238 |
||
| 942 | _cBOOK | ||
| 980 | _aNB | ||